000 00385nam a2200133Ia 4500
005 20260328101450.0
008 260328s9999||||xx |||||||||||||| ||und||
100 _aRivadeneyra Barbero, Patricia
245 0 _aHannes Meyer :
_b Vida y Obra /
_cPatricia Rivadeneyra Barbero
260 _bUniversidad Nacional Autónoma de México
300 _a79 p.
650 _aARQUITECTOS
942 _cBK
999 _c8598
_d8598